Índices temático y de autores de las obras del Ateneo de Estudios del Proceso Civil y de la Federación de Ateneos de Estudios Procesales /

Guardado en:
Autor Principal: Esperanza, Silvia L.
Formato: Libro
Idioma:Spanish
Publicado: Santa Fe : Rubinzal-Culzoni, 2014.
Edición:1a. ed.
Materias:
Etiquetas: Agregar Etiqueta
Sin Etiquetas, Sea el primero en etiquetar este registro!
LEADER 00579nam a22001575a 4500
001 DER.der014537
008 191202s2014####ag############000#0#spa#d
005 20260205132918.0
245 1 0 |a Índices temático y de autores de las obras del Ateneo de Estudios del Proceso Civil y de la Federación de Ateneos de Estudios Procesales /  |c Silvia L. Esperanza. 
250 |a 1a. ed. 
260 |a Santa Fe :  |b Rubinzal-Culzoni,  |c 2014. 
300 |a 184 p. 
020 |a 9789873004476 
100 1 |a Esperanza, Silvia L. 
653 |a DERECHO PROCESAL CIVIL 
859 |a DERECHO  |b BIB. DERECHO  |h 347.05  |i ESP  |p 009819